Academic freedom and the pursuit of comparative literature (Record no. 61733)

MARC details
000 -CABECERA
campo de control de longitud fija 00578nam a2200205 a 4500
005 - FECHA Y HORA DE LA ÚLTIMA TRANSACCIÓN
campo de control 20210219152825.0
008 - ELEMENTOS DE LONGITUD FIJA--INFORMACIÓN GENERAL
campo de control de longitud fija 991125n 000 0 eng u
035 ## - NÚMERO DE CONTROL DEL SISTEMA
Número de control de sistema UPN01000062471
100 ## - ASIENTO PRINCIPAL--NOMBRE PERSONAL
Nombre de persona GILLESPIE, Gerald
222 ## - TÍTULO CLAVE
Título clave JOURNAL OF GENERAL EDUCATION
245 ## - MENCIÓN DE TÍTULO
Título Academic freedom and the pursuit of comparative literature
300 ## - DESCRIPCIÓN FÍSICA
Extensión 265-276
362 ## - FECHAS DE PUBLICACIÓN Y/O DESIGNACIÓN SECUENCIAL
Fecha de publicación y/o designación secuencial 1978 29, no. 4 invierno
653 0# - TERMINO DE INDIZACION - NO CONTROLADO
Término no controlado INSTITUCIONES EDUCATIVAS
653 0# - TERMINO DE INDIZACION - NO CONTROLADO
Término no controlado LIBERTAD ACADEMICA
653 0# - TERMINO DE INDIZACION - NO CONTROLADO
Término no controlado REFORMA EDUCATIVA
653 0# - TERMINO DE INDIZACION - NO CONTROLADO
Término no controlado UNIVERSIDADES
904 ## - ELEMENTOS DE DATOS D LOCAL, LDD (RLIN)
a AC
b 000282
905 ## - TIPO DE MATERIAL
Tipo de material Articulo

No items available.